| 000 | 00936cab a2200265 4500 | ||
|---|---|---|---|
| 001 | WB2939-03 | ||
| 008 | 090401t1993 xxu||||| |||| 00| 0 eng d | ||
| 035 | _a(Sirsi) u53923 | ||
| 041 | _aeng | ||
| 100 | _aAppleton, P. | ||
| 245 | _aFlexibility on service charges | ||
| 260 | _c1993 | ||
| 350 | _a0 | ||
| 490 |
_aCSW - The Property Week _v45(3) 21 October 1993, 111(1) |
||
| 520 | _a"Shopping centre indices", which examined levels of service charges in shopping centres, has prompted wide ranging debate on this aspect of occupancy costs, the extent and variations of which are causing dissatisfaction among tenants. | ||
| 650 | _aOCCUPANCY COSTS | ||
| 650 | _aSERVICE CHARGES | ||
| 650 | _aSHOPPING CENTRE INDICES | ||
| 650 | _aSHOPPING CENTRES | ||
| 690 | _aCOMMERCIAL PROPERTY-MANAGEMENT | ||
| 690 | _aPROPERTY-COMMERCIAL PROPERTY-RETAIL PROPERTY | ||
| 700 | _aBennett, E. | ||
| 942 | _n0 | ||
| 948 | _c04/03/1997 | ||
| 999 |
_c33101 _d33101 |
||